| Tag |
First Indicator |
Second Indicator |
Subfields |
| LEADER |
00000cam a2200000Ii 4500 |
| 001 |
in00004539331 |
| 005 |
20190418085030.0 |
| 006 |
m d |
| 007 |
cr cn |||||||| |
| 008 |
161209s2017 paua ob 000 0 eng d |
| 019 |
|
|
|a 1003196306
|a 1004968754
|
| 020 |
|
|
|a 0323447988
|q electronic bk.
|
| 020 |
|
|
|a 9780323447980
|q electronic bk.
|
| 020 |
|
|
|z 9780323447973
|q hardcover
|
| 020 |
|
|
|z 032344797X
|q hardcover
|
| 035 |
|
|
|a (OCoLC)ocn965716185
|
| 035 |
|
|
|a (OCoLC)965716185
|z (OCoLC)1003196306
|z (OCoLC)1004968754
|
| 040 |
|
|
|a IDEBK
|b eng
|e rda
|e pn
|c IDEBK
|d EBLCP
|d N$T
|d OPELS
|d OCLCF
|d N$T
|d OCLCQ
|d IDEBK
|d VRC
|d CUX
|d OTZ
|d OCLCQ
|d OCLCO
|d OCLCA
|d U3W
|d OCLCO
|d INM
|d MMU
|d CASUM
|d TMV
|d UtOrBLW
|
| 049 |
|
|
|a TMVM
|
| 050 |
|
4 |
|a RL321
|
| 060 |
1 |
0 |
|a WR 205
|
| 060 |
|
4 |
|a WR 205
|b T3983 2017eb
|
| 245 |
0 |
0 |
|a Therapy for severe psoriasis /
|c Jashin J. Wu, Steven R. Feldman, Mark G. Lebwohl.
|
| 264 |
|
1 |
|a Philadelphia :
|b Elsevier,
|c 2017.
|
| 264 |
|
4 |
|c ©2017
|
| 300 |
|
|
|a 1 online resource :
|b illustrations (some color)
|
| 336 |
|
|
|a text
|b txt
|2 rdacontent
|
| 337 |
|
|
|a computer
|b c
|2 rdamedia
|
| 338 |
|
|
|a online resource
|b cr
|2 rdacarrier
|
| 500 |
|
|
|a Electronic resource.
|
| 500 |
|
|
|a Description based on opening page (viewed Aug 02, 2018).
|
| 504 |
|
|
|a Includes bibliographical references.
|
| 505 |
0 |
|
|a Overview of psoriasis -- Ultraviolet b phototherapy -- Psoralen-ultraviolet light a therapy -- Methotrexate -- Acitretin -- Cyclosporine -- Apremilast -- Etanercept -- Infliximab -- Adalimumab -- Ustekinumab -- Secukinumab -- Ixekizumab -- Biosimilars -- Combination therapies for psoriasis -- Investigational therapies for psoriasis.
|
| 588 |
|
|
|a Description based on online resource; title from electronic title page (ClinicalKey, viewed July 12, 2018).
|
| 650 |
|
0 |
|a Psoriasis
|x Treatment.
|
| 650 |
|
2 |
|a Psoriasis
|x therapy.
|0 https://id.nlm.nih.gov/mesh/D011565Q000628
|
| 655 |
|
7 |
|a Ebooks.
|2 local
|
| 655 |
|
7 |
|a Electronic books.
|2 local
|
| 700 |
1 |
|
|a Wu, Jashin J.,
|e editor.
|0 http://id.loc.gov/authorities/names/n2013187613
|
| 700 |
1 |
|
|a Feldman, Steven R.,
|e editor.
|0 http://id.loc.gov/authorities/names/n00124000
|
| 700 |
1 |
|
|a Lebwohl, Mark,
|e editor.
|0 http://id.loc.gov/authorities/names/n87859149
|
| 856 |
4 |
0 |
|u http://proxy.library.tamu.edu/login?url=https://www.clinicalkey.com/dura/browse/bookChapter/3-s2.0-C20150046226
|z Connect to the full text of this electronic book.
|t 0
|
| 999 |
|
|
|a MARS
|
| 999 |
f |
f |
|s c6751ab3-4298-30d5-960f-7b240127014e
|i 8e50fae9-b3e5-306d-ae92-f188660711ff
|t 0
|
| 952 |
f |
f |
|a Texas A&M University
|b College Station
|c Electronic Resources
|d Available Online
|t 0
|e WR 205 T3983 2017eb
|h National Library of Medicine classification
|
| 998 |
f |
f |
|a WR 205 T3983 2017eb
|t 0
|l Available Online
|